Tilastot visalle Sanat - "Suomi-ilmiö" - Eppu Normaali

Klikkaa tästä pelataksesi tätä visaa!

Yleistilastot

  • Tätä visaa on pelattu 132 kertaa
  • Keskiarvotulos 94 / 137

Vastaustilastot

Sanat% Oikein
ja
95%
Ja
95%
se
90%
ei
88%
Ei
88%
halkeaa
84%
On
84%
on
84%
Uraani
84%
valkeaa
84%
tuottaa
83%
lamppuun
81%
kuin
80%
Kuin
80%
Voi
76%
voi
76%
millään
74%
oo
74%
riskiä
73%
Suomella
73%
vailla
73%
mailla
72%
muilla
70%
Mutta
69%
Suomessa
69%
alla
68%
Harrisburg
67%
ikkunat
66%
sellaista
66%
sulkea
66%
Vaikka
66%
Koivun
64%
kulkea
64%
planeetalla
64%
tähden
64%
toisella
64%
huoletta
63%
sattua
63%
jossain
60%
aina
59%
Harrisburgissa
59%
niin
58%
Joka
57%
mikään
57%
insinööri
56%
Kiinassa
56%
sitten
56%
sekä
55%
viisas
55%
rööri
53%
Imatran
52%
nippeli
52%
tapahdu
52%
täydellisiä
52%
Voima
52%
YYA
52%
UKK,
49%
meillä
48%
mahdu
44%
missään
44%
Olkiluodossa
43%
kuvioihin
42%
meidän
42%
melko
42%
olemassa
42%
valikoima
42%
Jollei
41%
olla
41%
Totta
41%
vaara
41%
muodossa
40%
muun
40%
toki
40%
Voiko
40%
muassa
39%
täydellisyyttä
39%
täytyi
35%
erehtymättömyyttä
31%
Suomi-Ilmiöitä
31%

Tulosjakauma

Persentiili vastausten määrän mukaan

Jokaisen tuloksen saaneiden osuus

Tuloshistoriasi

Et ole pelannut tätä visaa